todos os lendarios de pokemon da gen 1 a 9 - Statistics

Estatísticas Gerais
  • Esse quiz foi jogado 225 vezes
  • A pontuação média é 26 de 61
Estatísticas das Respostas
geração nome % Correto
1 articuno
96%
1 moltres
92%
1 mewtwo
91%
2 lugia
77%
2 entei
74%
2 suicune
73%
3 kyogre
72%
2 raikou
72%
3 rayquaza
72%
2 ho-oh
67%
3 groudon
64%
4 palkia
63%
4 giratina
62%
4 dialga
61%
4 arceus
56%
3 regice
54%
3 registeel
53%
3 regirock
52%
3 latias
49%
3 latios
49%
6 xerneas
49%
1 zapidos
49%
5 zekrom
49%
5 reshiram
46%
7 solgaleo
46%
7 lunala
45%
4 regigigas
45%
5 kyurem
42%
6 yveltal
41%
6 zygarde
39%
4 azelf
38%
7 tapu koko
36%
4 uxie
36%
4 heatran
35%
4 mesprit
35%
5 tornadus
35%
8 zamazenta
35%
7 tapu fini
34%
7 tapu lele
34%
5 cobalion
32%
4 cresselia
32%
8 zacian
32%
7 cosmog
31%
5 landorus
31%
7 tapu bulu
31%
5 terrakion
31%
5 thundurus
31%
5 virizion
29%
9 miraidon
28%
9 koraidon
26%
7 cosmoem
25%
8 regidrago
20%
8 regieleki
17%
8 urshifu
15%
8 eternatos
14%
8 kubfu
14%
8 spectrier
12%
8 calyrex
11%
8 glastrier
11%
7 silvally
10%
7 type null
9%
Nenhum quiz correspondente encontrado
Distribuição das Pontuações
Porcentagem de Pessoas com Cada Pontuação
Percentil de Números Respondidos
Sua Pontuação Histórica
Você não jogou esse quiz